Les 10 prénoms les plus donnés au Kosovo - Statistiques

Statistiques générales
  • Ce quiz a été pris 201 fois
  • Le résultat moyen est 2 sur 10
Statistiques - réponses
Rang Indice Prénom % Correct
2ème 6 324 hommes Bajram
32%
1er 8 626 femmes Fatime
31%
10ème 5 047 hommes Muhamet
27%
8ème 5 114 hommes Arben
22%
6ème 5 207 hommes Valon
22%
7ème 5 180 hommes Egzon
21%
4ème 5 470 hommes Bekim
20%
3ème 5 622 femmes Emine
18%
9ème 5 110 hommes Ramadan
18%
5ème 5 226 femmes Afërdita
13%
Aucun quiz correspondant
Distribution des résultats
% des personnes avec chaque résultat
Percentile par nombre de réponses
Votre historique - résultats
Vous n’avez pas pris ce quiz